000 00719nam a2200265Ia 4500
003 OSt
005 20220918184600.0
006 a|||||r|||| 00| 0
007 ta
008 220917b |||||||| |||| 00| 0 eng d
024 _a47,172
037 _cTextual
040 _aARTS
_cARTS
_beng
041 _2eng
_aeng
082 _aP, K45 (PD)-;3
100 _aRobins R H
245 0 _aGeneral linguistics
_b an introductory survey
260 _aLondon
_bLongmans , Green
_c1964
300 _axxii,391p.
_ccm.
490 _aLongmans' linguistics library
500 _aIncludes Bibliography
650 _aLINGUISTICS
942 _hP, K45 (PD)-;3
_cTEXL
_2CC
999 _c177041
_d177041